| 000 | 00881cab a2200193 4500 | ||
|---|---|---|---|
| 001 | L130075 | ||
| 008 | 050620n2005 000 0 eng u | ||
| 035 | _a(Sirsi) u130075 | ||
| 041 | _aeng | ||
| 100 | _aBooth, Eddie | ||
| 245 | _aMeasuring change in conservation areas | ||
| 260 | _c2005 | ||
| 490 |
_aContext _v(89) May 2005, 20-24(5) |
||
| 520 | _aDiscussion of problems associated with the tracking of changes to property and land in conservation areas. Gives details of research undertaken by English Heritage into the potential for measuring change using four case studies. Presents the findings from those case studies, arguing that regular surveys are needed to show both the rate and causes of change. | ||
| 590 | _aIKA210605 | ||
| 690 | _aENVIRONMENTAL AND LAND CONSULTANCY-PLANNING AND DEVELOPMENT-DEVELOPMENT CONTROL | ||
| 700 | _aPickles, David | ||
| 942 | _n0 | ||
| 999 |
_c75441 _d75441 |
||